Eating Habits Through Sentiment Analysis: A Study of Social Media Data/ (Record no. 614828)

000 -LEADER
fixed length control field 00501nam a22001577a 4500
003 - CONTROL NUMBER IDENTIFIER
control field NUST
038 ## - RECORD CONTENT LICENSOR
Staff Name Nusrat Nadeem
082 ## - DEWEY DECIMAL CLASSIFICATION NUMBER
Classification number 200
100 ## - MAIN ENTRY--PERSONAL NAME
Personal name Munir, Lamya
245 ## - TITLE STATEMENT
Title Eating Habits Through Sentiment Analysis: A Study of Social Media Data/
Statement of responsibility, etc. Lamya Munir,
264 ## - PRODUCTION, PUBLICATION, DISTRIBUTION, MANUFACTURE, AND COPYRIGHT NOTICE
Place of production, publication, distribution, manufacture Islamabad:
Name of producer, publisher, distributor, manufacturer SEECS NUST.
Date of production, publication, distribution, manufacture, or copyright notice 2025.
650 ## - SUBJECT ADDED ENTRY--TOPICAL TERM
Topical term or geographic name entry element MS- Data Science
700 ## - ADDED ENTRY--PERSONAL NAME
Personal name Supervisor: Dr. Tahira Lashari
856 ## - ELECTRONIC LOCATION AND ACCESS
Uniform Resource Identifier <a href=" http://10.250.8.41:8080/xmlui/handle/123456789/54892"> http://10.250.8.41:8080/xmlui/handle/123456789/54892</a>
942 ## - ADDED ENTRY ELEMENTS (KOHA)
Source of classification or shelving scheme
Koha item type Soft Copy
Holdings
Withdrawn status Permanent Location Current Location Shelving location Date acquired Full call number Barcode Koha item type
  Central Library (CL) Central Library (CL) Thesis 09/23/2025 200 CL-T-7647 Soft Copy
© 2023 Central Library, National University of Sciences and Technology. All Rights Reserved.